000 00675nam a2200253Ia 4500
003 OSt
005 20220925215220.0
006 a|||||r|||| 00| 0
007 ta
008 220923b |||||||| |||| 00| 0 eng d
020 _a434 90282 9
037 _cGeneral Book
040 _aRTL
_cRTL
_beng
041 _2eng
_aeng
082 _aX:51b4, M4
100 _aCrouch Sunny
_9278192
245 0 _aMarketing research for managers
260 _aLondon
_bHeinemann
_c1984
300 _axii,345p
_ccm.
490 _aInstitute of Marketing
650 _aMarketing
_915998
942 _hX:51b4, M4
_cGB
_2CC
999 _c568227
_d568227